000 00920nam a2200265Ia 4500
003 OSt
005 20221005103554.0
006 a|||||r|||| 00| 0
007 ta
008 221004b |||||||| |||| 00| 0 san d
020 _a9789381954904 (hbk)
_cINR 2495.00
024 _a66151
037 _b989/19, 19/12/2019, Literacy House
_cTextual
040 _aCRL
_cCRL
_bsan
041 _2san
_asan
082 _aP15,Cx1,1,6, Q8
100 _aझा, बोधकुमार, ले.
245 0 _aपरमलघुमन्जूषा
246 _aParamalaghumanjūṣhā
260 _aजयपुर
_bहंसा प्रकाशन भारत
_c2018
300 _a816पृ0
_ccm.
650 _aसंस्कृत भाषा
942 _hP15,Cx1,1,6, Q8
_cTEXL
_2cc
999 _c1010318
_d1010318